Road traffic and transport survey in Mysore State (Record no. 513053)

MARC details
000 -LEADER
fixed length control field 00829nam a2200241Ia 4500
003 - CONTROL NUMBER IDENTIFIER
control field OSt
005 - DATE AND TIME OF LATEST TRANSACTION
control field 20220925190027.0
008 - FIXED-LENGTH DATA ELEMENTS--GENERAL INFORMATION
fixed length control field 220923b |||||||| |||| 00| 0 eng d
037 ## - SOURCE OF ACQUISITION
Terms of availability General Book
040 ## - CATALOGING SOURCE
Original cataloging agency RTL
Transcribing agency RTL
Language of cataloging eng
041 ## - LANGUAGE CODE
Source of code eng
Language code of text/sound track or separate title eng
110 ## - MAIN ENTRY--CORPORATE NAME
Corporate name or jurisdiction name as entry element Mysore, Government of ..... Public Works (Department). Statistical Unit
9 (RLIN) 236797
245 #0 - TITLE STATEMENT
Title Road traffic and transport survey in Mysore State
260 ## - PUBLICATION, DISTRIBUTION, ETC.
Place of publication, distribution, etc. Bangalore
Name of publisher, distributor, etc. Government of Mysore India
Date of publication, distribution, etc. 1972
300 ## - PHYSICAL DESCRIPTION
Extent 253p. Appendix p.29-253
Dimensions cm.
650 ## - SUBJECT ADDED ENTRY--TOPICAL TERM
Topical term or geographic name entry element Road Transport Economics
700 ## - ADDED ENTRY--PERSONAL NAME
Personal name Mysore, Government of ..... Public Works (Department). Statistical Unit
9 (RLIN) 236798
942 ## - ADDED ENTRY ELEMENTS (KOHA)
Classification part X411.213.N7, L2/GD
Koha item type General Books
Source of classification or shelving scheme Colon Classification (CC)

No items available.

Copyright @ Delhi University Library System